NLSUI OPAC header image

companies.Vol.I (Record no. 18392)

MARC details
000 -LEADER
fixed length control field 00360nam a2200157Ia 4500
008 - FIXED-LENGTH DATA ELEMENTS--GENERAL INFORMATION
fixed length control field 160316s1986 xxu||||| |||| 00| 0 eng d
082 ## - DEWEY DECIMAL CLASSIFICATION NUMBER
Classification number 346.066000
Item number GOR-I-1
100 ## - MAIN ENTRY--PERSONAL NAME
Personal name Browne Gore
245 ## - TITLE STATEMENT
Title companies.Vol.I
250 ## - EDITION STATEMENT
Edition statement 44th
260 ## - PUBLICATION, DISTRIBUTION, ETC.
Place of publication, distribution, etc. Bristol
Name of publisher, distributor, etc. Jordwas Publishing Co.
Date of publication, distribution, etc. 1986
300 ## - PHYSICAL DESCRIPTION
Extent Varie
Other physical details
Dimensions
365 ## - TRADE PRICE
Price amount
650 ## - SUBJECT ADDED ENTRY--TOPICAL TERM
Topical term or geographic name entry element
700 ## - ADDED ENTRY--PERSONAL NAME
Personal name
--
Holdings
Withdrawn status Lost status Damaged status Not for loan Home library Current library Shelving location Date acquired Total Checkouts Full call number Barcode Date last seen Price effective from Koha item type
        . . Xerox Bound Volumes 30.05.2017   346.066 GOR-I-1 XB171 30.05.2017 30.05.2017 Rare collections